00323nam a2200121Ia 4500008004100000041000800041082001800049100001500067245004500082260004300127300002400170365000700194240624s9999 xx 000 0 und d aeng a338.95491 NIA aNIAZ ILHAN aCULTURE OF POWER AND GOVERNANCE IN PAKIS c2010aKarachibOxford University Press a320 : p, : cm. ; 22 b32